书目信息 |
| 题名: |
皮亚杰、布鲁纳教育名著导读
|
|
| 作者: | 王凌皓 主编 ;石艳 编著 | |
| 分册: | ||
| 出版信息: | 长春 吉林文史出版社 2016 |
|
| 页数: | 188页 | |
| 开本: | 24cm | |
| 丛书名: | 中外教育名著导读书系 | |
| 单 册: | ||
| 中图分类: | G40-095.22 , G40-097.12 , G40 | |
| 科图分类: | ||
| 主题词: | ||
| 电子资源: | ||
| ISBN: | 978-7-5472-2275-1 | |
| 000 | 01197oam2 2200289 450 | |
| 001 | 2354510754 | |
| 005 | 20231117162100.82 | |
| 010 | @a978-7-5472-2275-1@dCNY39.80 | |
| 100 | @a20181129d2016 em y0chiy50 ea | |
| 101 | 0 | @achi |
| 102 | @aCN@b220000 | |
| 105 | @aa z 000yy | |
| 200 | 1 | @a皮亚杰、布鲁纳教育名著导读@Api ya jie、bu lu na jiao yu ming zhu dao du@f王凌皓主编@g石艳编著 |
| 210 | @a长春@c吉林文史出版社@d2016 | |
| 215 | @a188页@c图@d24cm | |
| 225 | 2 | @a中外教育名著导读书系 |
| 330 | @a本书介绍了皮亚杰、布鲁纳两位西方心理学巨擎及其著作。皮亚杰在《发生认识论原理》和《结构主义》中阐发的认知发展理论成为儿童心理学的学科典范;布鲁纳作为美国教育改革运动的倡导者,在《教育过程》中提出的发现法教学理论对当代中国课程改革产生着深远的影响。 | |
| 410 | 0 | @12001 @a中外教育名著导读书系 |
| 600 | 0 | @a皮亚杰@c(Piaget, Jean@f1896-1980)@x教育学@x名著@x介绍 |
| 600 | 0 | @a布鲁纳@c(Bruner, Jerome Seymour@f1915- )@x教育学@x名著@x介绍 |
| 690 | @aG40-095.22@v5 | |
| 690 | @aG40-097.12@v5 | |
| 690 | @aG40@v4 | |
| 701 | 0 | @a王凌皓@Awang ling hao@c(女,@f1963~)@4主编 |
| 702 | 0 | @a石艳@Ashi yan@c(女,教育学,@f1979~)@4编著 |
| 801 | 0 | @aCN@b91MARC@c20181129 |
| 905 | @aZUCC@dG40@e965 | |
| 皮亚杰、布鲁纳教育名著导读/王凌皓主编/石艳编著.-长春:吉林文史出版社,2016 |
| 188页:图;24cm.-(中外教育名著导读书系) |
| ISBN 978-7-5472-2275-1:CNY39.80 |
| 本书介绍了皮亚杰、布鲁纳两位西方心理学巨擎及其著作。皮亚杰在《发生认识论原理》和《结构主义》中阐发的认知发展理论成为儿童心理学的学科典范;布鲁纳作为美国教育改革运动的倡导者,在《教育过程》中提出的发现法教学理论对当代中国课程改革产生着深远的影响。 |
| ● |
| 相关链接 |
|
|
|
正题名:皮亚杰、布鲁纳教育名著导读
索取号:G40/965
 
预约/预借
| 序号 | 登录号 | 条形码 | 馆藏地/架位号 | 状态 | 备注 |
| 1 | 2001002683 | 2001002683 | 第四书库/四007架A面4层4列/ [索取号:G40/965] | 在馆 | |
| 2 | 2001002684 | 2001002684 | 第四书库/四007架A面4层4列/ [索取号:G40/965] | 在馆 | |
| 3 | 2001002685 | 2001002685 | 第四书库/四007架A面4层4列/ [索取号:G40/965] | 在馆 | |
| 4 | 2001002686 | 2001002686 | 第四书库/四007架A面4层4列/ [索取号:G40/965] | 在馆 | |
| 5 | 2001002687 | 2001002687 | 第四书库/四007架A面4层4列/ [索取号:G40/965] | 在馆 | |
| 6 | 2001002688 | 2001002688 | 第四书库/四007架A面4层4列/ [索取号:G40/965] | 在馆 |